000 01638nam2a22002531 4500
001 rc\4746813
005 20130417093422.6
035 _a(NLR Aleph) 009007748
090 _a9347812
_c9347812
100 _a20130417d1963 |||y0rusy50 ca
101 0 _arus
102 _aRU
105 _ay z |||||
200 1 _aГорох
_eЗерновое использование
_fМакашева Р.Х., канд. с.-х. наук
_gПод ред. д-ра с.-х. наук Н.Р. Иванова
_gМ-во с. х. СССР. Всесоюз. науч.-исслед. ин-т растениеводства
210 _d1963
215 _a102 с.
461 0 _1001rc\4746805
_12001#$aКаталог-справочник мировой коллекции ВИР$eВып. 1-$fВсесоюз. ордена Ленина акад. с.-х. наук им. В.И. Ленина. Всесоюз. науч.-исслед. ин-т растениеводства$vВып. 10
_99347765
_aВсероссийский институт генетических ресурсов растений им. Н. И. Вавилова (Санкт-Петербург)
_cЛенинград
_d1961-
_fВсесоюз. ордена Ленина акад. с.-х. наук им. В.И. Ленина. Всесоюз. науч.-исслед. ин-т растениеводства
_nБ. и.
_oВып. 1-
_tКаталог-справочник мировой коллекции ВИР
_vВып. 10
700 1 _aМакашева
_bР. Х.
702 1 _aИванов
_bН. Р.
_4340
801 0 _aRU
_bNLR
_gpsbo
801 1 _aRU
_bELAR
_2rusmarc
852 _aNLR
_j62-4/1144
942 _cBOOK
980 _aNB